[Event "Kent league"]
[Site "?"]
[Date "1992.03.05"]
[Round "?"]
[White "Cook, J."]
[Black "Stebbings, A."]
[Result "1/2-1/2"]
[WhiteElo "1896"]
[BlackElo "2248"]
[PlyCount "109"]
[EventDate "1992.??.??"]

1. g3 d5 2. Nf3 c6 3. Bg2 Bg4 4. c4 e6 5. b3 Nd7 6. O-O Ngf6 7. Bb2 Bd6 8. d4
Qb8 9. Nbd2 O-O 10. Re1 Re8 11. Qc1 e5 12. cxd5 cxd5 13. dxe5 Nxe5 14. Nd4 Qd8
15. Nf1 Rc8 16. Qd2 Ne4 17. Bxe4 dxe4 18. Ne3 Qb6 19. Nxg4 Nxg4 20. Qg5 Be5 21.
e3 Qg6 22. Qxg6 hxg6 23. Rac1 Bf6 24. Kg2 a6 25. h3 Ne5 26. Rxc8 Rxc8 27. Rc1
Rxc1 28. Bxc1 Kf8 29. Ba3+ Be7 30. Bxe7+ Kxe7 31. a3 Kd6 32. f3 exf3+ 33. Nxf3
Nxf3 34. Kxf3 Kd5 35. h4 a5 36. Kf4 b6 37. g4 b5 38. h5 gxh5 39. gxh5 a4 40.
bxa4 bxa4 41. Kf5 Kc4 42. e4 Kb3 43. e5 Kxa3 44. h6 gxh6 45. Kf6 Kb2 46. Kxf7
a3 47. e6 a2 48. e7 a1=Q 49. e8=Q Qa7+ 50. Kg6 Qb6+ 51. Kh5 Qf6 52. Qe2+ Kb1
53. Qd1+ Ka2 54. Qd2+ Kb3 55. Qxh6 1/2-1/2

[Event "Kent league"]
[Site "?"]
[Date "1992.03.10"]
[Round "?"]
[White "Stebbings, A."]
[Black "McDonald, N."]
[Result "0-1"]
[WhiteElo "2248"]
[BlackElo "2408"]
[PlyCount "70"]
[EventDate "1992.??.??"]

1. e4 d6 2. d4 g6 3. Nc3 Bg7 4. Nge2 a6 5. a4 b6 6. g3 c5 7. Bg2 cxd4 8. Nxd4
Bb7 9. O-O Nd7 10. Re1 Rc8 11. Ra2 Rc4 12. Be3 Qa8 13. Qd3 Rc8 14. Bg5 h6 15.
Bc1 Ngf6 16. Nb3 Ne5 17. Qe2 O-O 18. f4 Nc4 19. Nd2 Nxd2 20. Bxd2 e5 21. fxe5
dxe5 22. Ra3 Rfd8 23. Rb3 Rd6 24. Be3 Nxe4 25. Bxe4 Bxe4 26. Nxe4 Qxe4 27. c3
Qxa4 28. Rxb6 Rxb6 29. Bxb6 f5 30. Qd3 Kh7 31. Qd6 Qb5 32. Bd8 Rc6 33. Qd7 Qc5+
34. Kg2 Rd6 35. Qe8 Qd5+ 0-1

[Event "London league"]
[Site "?"]
[Date "1992.03.12"]
[Round "?"]
[White "Thomson, C."]
[Black "Stebbings, A."]
[Result "1/2-1/2"]
[WhiteElo "2264"]
[BlackElo "2248"]
[PlyCount "83"]
[EventDate "1992.??.??"]

1. Nf3 c5 2. c4 Nf6 3. Nc3 d5 4. cxd5 Nxd5 5. d4 g6 6. e4 Nxc3 7. bxc3 Bg7 8.
Rb1 O-O 9. Be2 b6 10. O-O Bb7 11. Qd3 cxd4 12. cxd4 Ba6 13. Qe3 e6 14. Bxa6
Nxa6 15. Qe2 Nb8 16. Bg5 Qd6 17. Qe3 Rc8 18. Rfd1 Nd7 19. d5 e5 20. Qe2 Rc7 21.
Bd2 Rc2 22. Qd3 Rac8 23. Bb4 Qc7 24. a3 Qc4 25. Qxc4 R2xc4 26. Nd2 Rc2 27. Nb3
Bh6 28. Bd2 Bxd2 29. Rxd2 R2c3 30. f3 Kf8 31. Ra2 f5 32. exf5 gxf5 33. f4 R8c4
34. fxe5 Nxe5 35. Rf2 f4 36. Nd2 Rd4 37. Rbf1 Nd3 38. Nb1 Rc5 39. Rd2 Rcxd5 40.
Nc3 Rd8 41. Ne2 R4d7 42. Nxf4 1/2-1/2

[Event "National Club ch."]
[Site "?"]
[Date "1992.03.14"]
[Round "?"]
[White "Stebbings, A."]
[Black "Wells, P."]
[Result "1/2-1/2"]
[WhiteElo "2248"]
[BlackElo "2480"]
[PlyCount "80"]
[EventDate "1992.??.??"]

1. d4 Nf6 2. c4 e6 3. Nc3 Bb4 4. e3 c5 5. Nge2 cxd4 6. exd4 d5 7. c5 Ne4 8. Bd2
Nc6 9. Nxe4 dxe4 10. Bxb4 Nxb4 11. Nc3 Qxd4 12. Qxd4 Nc2+ 13. Kd2 Nxd4 14. Nxe4
Ke7 15. Bd3 Bd7 16. Nd6 b6 17. b4 a5 18. Ke3 Nc6 19. Nc4 Nxb4 20. Nxb6 Rad8 21.
Rhd1 Bc6 22. Be4 Bxe4 23. Kxe4 f5+ 24. Kf3 Nd3 25. Nc4 Nxc5 26. Nxa5 Rxd1 27.
Rxd1 Ra8 28. Nc6+ Kf6 29. Nb4 Ra4 30. Rb1 Ne4 31. Rb2 g5 32. h3 h5 33. Ke3 Nc3
34. Kd2 Ne4+ 35. Ke3 Ra3+ 36. Kd4 g4 37. hxg4 hxg4 38. Kc4 Rc3+ 39. Kb5 f4 40.
a4 Ra3 1/2-1/2

[Event "London league"]
[Site "?"]
[Date "1992.03.16"]
[Round "?"]
[White "Stebbings, A."]
[Black "Whiteley, A."]
[Result "1/2-1/2"]
[WhiteElo "2248"]
[BlackElo "2304"]
[PlyCount "114"]
[EventDate "1992.??.??"]

1. d4 d5 2. c4 c6 3. Nc3 Nf6 4. e3 e6 5. Nf3 Nbd7 6. Qc2 Bd6 7. b3 O-O 8. Be2
dxc4 9. bxc4 e5 10. O-O Re8 11. Bb2 e4 12. Nd2 Qe7 13. Rfe1 Nf8 14. f3 Qc7 15.
Nf1 Bf5 16. c5 exf3 17. Qxf5 fxe2 18. Rxe2 Be7 19. Nd2 Qd7 20. Qf3 Qg4 21. Nc4
Rad8 22. Qxg4 Nxg4 23. h3 Nf6 24. Rb1 Nd5 25. Nxd5 cxd5 26. Na5 b6 27. Nc6 Rd7
28. Ba3 bxc5 29. Nxe7+ Rdxe7 30. Bxc5 Rd7 31. Reb2 Rdd8 32. Kf2 a6 33. Rb6 Ne6
34. Rxa6 Rc8 35. Rc1 Ng5 36. Rc2 Ne4+ 37. Ke2 h5 38. Kd3 Rb8 39. Rb6 Ra8 40.
Bb4 Ng3 41. a3 Nf5 42. Re2 h4 43. Re1 g6 44. Rb7 Red8 45. Bc5 Kg7 46. e4 dxe4+
47. Rxe4 Nd6 48. Bxd6 Rxd6 49. Rb3 g5 50. Re5 Kg6 51. Reb5 f6 52. Rb8 Ra4 53.
R8b4 Ra5 54. Rb5 Ra4 55. R5b4 Ra5 56. Kc2 Re6 57. Kd3 Rd6 1/2-1/2

[Event "London league"]
[Site "?"]
[Date "1992.04.13"]
[Round "?"]
[White "Lyell, M."]
[Black "Stebbings, A."]
[Result "1/2-1/2"]
[WhiteElo "2192"]
[BlackElo "2248"]
[PlyCount "83"]
[EventDate "1992.??.??"]

1. e4 c5 2. c3 Nf6 3. e5 Nd5 4. d4 cxd4 5. Nf3 e6 6. cxd4 d6 7. Nc3 Nxc3 8.
bxc3 Qc7 9. Bd2 Nd7 10. Bb5 a6 11. Bxd7+ Bxd7 12. O-O Be7 13. Re1 Bc6 14. Bf4
O-O 15. Re3 Rfd8 16. exd6 Bxd6 17. Bxd6 Rxd6 18. Ne5 Be8 19. Qd2 Rc8 20. Rc1 f6
21. Nd3 b6 22. Qe1 Qc4 23. Nf4 Bf7 24. a3 h6 25. f3 Rcc6 26. Rb1 a5 27. Rb2 g5
28. Nh3 Bg6 29. Nf2 Kf7 30. Rbe2 Qb3 31. Qa1 Rd5 32. Qa2 Qxa2 33. Rxa2 Rb5 34.
Kf1 Rb3 35. Nd1 Rd6 36. Ke2 Ke7 37. c4 Rxe3+ 38. Kxe3 Rc6 39. Rb2 Kd6 40. Rb5
Rxc4 41. Rxb6+ Kd7 42. d5 1/2-1/2

[Event "County match"]
[Site "?"]
[Date "1992.05.30"]
[Round "?"]
[White "Stebbings, A."]
[Black "Bellin, J."]
[Result "1/2-1/2"]
[WhiteElo "2304"]
[BlackElo "2224"]
[PlyCount "85"]
[EventDate "1992.??.??"]

1. d4 Nf6 2. c4 e6 3. Nc3 Bb4 4. e3 O-O 5. Nge2 d5 6. a3 Bd6 7. c5 Be7 8. b4 c6
9. Ng3 b6 10. f4 a5 11. Bd2 Ba6 12. Bxa6 Rxa6 13. O-O Nbd7 14. Qf3 Qa8 15. Rab1
axb4 16. axb4 bxc5 17. bxc5 Ra3 18. Qe2 h6 19. Rb2 Rb8 20. Rxb8+ Qxb8 21. Rb1
Qa7 22. h3 Ra1 23. Qf1 Rxb1 24. Qxb1 Ne8 25. Qa2 Qb7 26. Nge2 g5 27. fxg5 hxg5
28. e4 Ng7 29. Kh1 Nf8 30. e5 Nf5 31. g4 Nh4 32. Be3 f6 33. exf6 Bxf6 34. Ng1
Qg7 35. Qd2 Nd7 36. Nce2 e5 37. dxe5 Nxe5 38. Bd4 Nef3 39. Nxf3 Nxf3 40. Bxf6
Qxf6 41. Qe3 Nh4 42. Kh2 Kf7 43. Kg3 1/2-1/2

[Event "Tournament: Lloyds Bank Masters"]
[Site "London"]
[Date "1992.08.22"]
[Round "?"]
[White "ElAssiouti, S."]
[Black "Stebbings, A."]
[Result "1-0"]
[WhiteElo "2384"]
[BlackElo "2304"]
[PlyCount "103"]
[EventDate "1992.??.??"]

1. d4 Nf6 2. Nf3 e6 3. c4 Bb4+ 4. Bd2 c5 5. e3 O-O 6. Bd3 Bxd2+ 7. Qxd2 d6 8.
O-O Nbd7 9. Nc3 b6 10. b4 Bb7 11. Ng5 Qe7 12. bxc5 dxc5 13. f4 h6 14. Nf3 Rfd8
15. Rad1 Bxf3 16. Rxf3 cxd4 17. exd4 Rac8 18. h3 Ne8 19. Qb2 Nd6 20. Qb3 Qf6
21. Bf1 Rc7 22. Qb4 Nb8 23. c5 Nc6 24. cxd6 Nxb4 25. dxc7 Rc8 26. a3 Nc2 27.
Nb5 a6 28. Nd6 Rxc7 29. Ne8 Qd8 30. Nxc7 Qxc7 31. Rc1 b5 32. Bd3 Qd6 33. Rxc2
Qxd4+ 34. Kh2 g6 35. Rc6 Qa4 36. Bc2 Qa5 37. Rd3 b4 38. a4 Kg7 39. Rd7 b3 40.
Bxb3 Qb4 41. Bc4 g5 42. fxg5 hxg5 43. Rcc7 Kf6 44. Rxf7+ Ke5 45. Rc6 Qxa4 46.
Rxe6+ Kd4 47. Bxa6 Qa2 48. Rd7+ Kc5 49. Rc7+ Kd4 50. Rd6+ Ke5 51. Rg6 Kf4 52.
Rc5 1-0

[Event "Tournament: Lloyds Bank Masters"]
[Site "London"]
[Date "1992.08.23"]
[Round "?"]
[White "Stebbings, A."]
[Black "Needham, P."]
[Result "1-0"]
[WhiteElo "2304"]
[BlackElo "1880"]
[PlyCount "63"]
[EventDate "1992.??.??"]

1. d4 Nf6 2. c4 d6 3. Nc3 g6 4. e4 Bg7 5. f3 O-O 6. Be3 Nc6 7. Qd2 e5 8. Nge2
Nh5 9. d5 Na5 10. Ng3 Nf4 11. b4 c6 12. bxa5 Qxa5 13. Nge2 c5 14. Rb1 f5 15.
Rb5 Qd8 16. g3 Nh5 17. Bg2 Rf7 18. exf5 gxf5 19. f4 e4 20. O-O Nf6 21. h3 Nd7
22. g4 Nb6 23. gxf5 Nxc4 24. Qc1 Nxe3 25. Qxe3 Bxf5 26. Bxe4 Qe7 27. Qd3 c4 28.
Qf3 Bxe4 29. Nxe4 Raf8 30. Rb4 Rf5 31. Rxc4 Rxd5 32. Nf6+ 1-0

[Event "Tournament: Lloyds Bank Masters"]
[Site "London"]
[Date "1992.08.24"]
[Round "?"]
[White "Williams, S."]
[Black "Stebbings, A."]
[Result "0-1"]
[WhiteElo "1880"]
[BlackElo "2304"]
[PlyCount "90"]
[EventDate "1992.??.??"]

1. c4 Nf6 2. Nc3 c5 3. Nf3 d5 4. cxd5 Nxd5 5. g3 Nc6 6. Bg2 Nc7 7. O-O e5 8. d3
Be7 9. Nd2 Bd7 10. Nc4 O-O 11. Bxc6 Bxc6 12. Nxe5 Be8 13. Ne4 f5 14. Qb3+ Kh8
15. Nd2 Bf6 16. Ndf3 b6 17. Bf4 g5 18. Bd2 g4 19. Bh6 Rg8 20. Rfd1 gxf3 21.
Nxf3 Qe7 22. Qc2 Bh5 23. d4 Qe4 24. Rac1 Qxc2 25. Rxc2 Bxf3 26. exf3 Rad8 27.
Be3 Ne6 28. d5 Nd4 29. Bxd4 Bxd4 30. Re2 Rxd5 31. Rde1 Rd7 32. b3 b5 33. Re7
Rgd8 34. Kf1 c4 35. bxc4 bxc4 36. Rxd7 Rxd7 37. Rc1 c3 38. Ke2 Bf6 39. Rc2 Rb7
40. Kd3 Rb2 41. Rxb2 cxb2 42. Kc2 Kg7 43. f4 Kf7 44. f3 Ke6 45. h4 h5 0-1

[Event "Tournament: Lloyds Bank Masters"]
[Site "London"]
[Date "1992.08.25"]
[Round "?"]
[White "Stebbings, A."]
[Black "Dunnington, A."]
[Result "1/2-1/2"]
[WhiteElo "2304"]
[BlackElo "2384"]
[PlyCount "56"]
[EventDate "1992.??.??"]

1. d4 d6 2. e4 g6 3. c4 e5 4. Ne2 Nc6 5. Nbc3 Bg7 6. Be3 exd4 7. Nxd4 Nf6 8. f3
O-O 9. Qd2 Re8 10. Be2 Ne5 11. O-O a6 12. Rad1 c5 13. Nc2 Be6 14. b3 Qa5 15.
Na4 Qxd2 16. Rxd2 Bf8 17. Nc3 Nc6 18. Rfd1 Reb8 19. Bf4 Ne8 20. a4 b6 21. Bf1
Rb7 22. g3 Rab8 23. Kg2 Bg7 24. Nd5 Be5 25. Be3 Na5 26. Rb1 Nc6 27. Rbd1 Na5
28. Rb1 Nc6 1/2-1/2

[Event "Tournament: Lloyds Bank Masters"]
[Site "London"]
[Date "1992.08.26"]
[Round "?"]
[White "Mednis, E."]
[Black "Stebbings, A."]
[Result "1-0"]
[WhiteElo "2464"]
[BlackElo "2304"]
[PlyCount "77"]
[EventDate "1992.??.??"]

1. c4 Nf6 2. g3 c6 3. Nf3 d5 4. Qb3 g6 5. Bg2 Bg7 6. O-O O-O 7. d4 Qb6 8. Nc3
Bf5 9. cxd5 Qxb3 10. axb3 cxd5 11. Bg5 Rd8 12. Ne5 Nc6 13. e3 Bc2 14. Rfc1 Nb4
15. Bxf6 exf6 16. Nf3 f5 17. Ra3 Bf8 18. Ne1 Bd3 19. Ra5 b6 20. Rxd5 Nxd5 21.
Bxd5 Be4 22. Nxe4 fxe4 23. Bxa8 Rxa8 24. Kf1 Bd6 25. Rc6 Rd8 26. Ke2 Kf8 27. f3
exf3+ 28. Nxf3 f5 29. Kd3 Ke7 30. Rc1 Ke6 31. e4 fxe4+ 32. Kxe4 Rf8 33. Ra1 a5
34. Rc1 Rf5 35. d5+ Kd7 36. Rc6 Bc5 37. Ne5+ Kd8 38. d6 Rf2 39. Kd5 1-0

[Event "Tournament: Lloyds Bank Masters"]
[Site "London"]
[Date "1992.08.27"]
[Round "?"]
[White "Stebbings, A."]
[Black "Adler, J."]
[Result "1/2-1/2"]
[WhiteElo "2304"]
[BlackElo "2312"]
[PlyCount "130"]
[EventDate "1992.??.??"]

1. d4 Nf6 2. c4 e6 3. Nc3 Bb4 4. e3 c5 5. Nge2 cxd4 6. exd4 d5 7. c5 Ne4 8. Bd2
Bxc3 9. Nxc3 Nc6 10. Nxe4 dxe4 11. Qg4 O-O 12. Qxe4 Nxd4 13. O-O-O Nc6 14. Bc4
Qe7 15. Be3 f5 16. Qf4 Na5 17. Rd6 Kh8 18. Bb5 e5 19. Qb4 b6 20. cxb6 Nb7 21.
Rd4 Nc5 22. Rd6 axb6 23. Rxb6 Be6 24. Qxc5 Rfc8 25. Bc6 Qa7 26. a3 f4 27. Kb1
fxe3 28. Qxe3 Rab8 29. Rxb8 Qxb8 30. Rc1 Qd6 31. Be4 Rb8 32. Rc3 Bf7 33. Qh3 g6
34. Rc8+ Kg7 35. Bc2 Be6 36. Qxe6 Rxb2+ 37. Kxb2 Qxe6 38. Rc7+ Kh6 39. Bb3 Qg4
40. g3 Qd4+ 41. Ka2 Qxf2+ 42. Rc2 Qd4 43. Bc4 e4 44. a4 e3 45. Kb3 Qc5 46. Bb5
Qe5 47. Re2 Kg5 48. Kb4 Qd4+ 49. Bc4 Kf5 50. a5 Ke4 51. Ra2 Qd6+ 52. Kc3 Qe5+
53. Kc2 Kd4 54. Be2 Qc5+ 55. Kd1 Qb4 56. Kc1 Qe1+ 57. Bd1 Qc3+ 58. Kb1 Qd3+ 59.
Kc1 Qc4+ 60. Kb1 Qb4+ 61. Kc1 Qc3+ 62. Kb1 e2 63. Rxe2 Qxa5 64. Ra2 Qf5+ 65.
Kc1 Qg5+ 1/2-1/2

[Event "Tournament: Lloyds Bank Masters"]
[Site "London"]
[Date "1992.08.28"]
[Round "?"]
[White "Rossiter, P."]
[Black "Stebbings, A."]
[Result "1/2-1/2"]
[WhiteElo "2296"]
[BlackElo "2304"]
[PlyCount "120"]
[EventDate "1992.??.??"]

1. d4 Nf6 2. Nf3 e6 3. c4 Bb4+ 4. Nc3 c5 5. g3 Bxc3+ 6. bxc3 Qa5 7. Bd2 d6 8.
Bg2 Ne4 9. O-O Nc6 10. Qc2 Nxd2 11. Nxd2 Qc7 12. Rfd1 O-O 13. dxc5 dxc5 14. Ne4
Na5 15. Qd3 Rb8 16. Ng5 g6 17. Qe4 h6 18. Nf3 b6 19. Qe3 Kg7 20. Qe5+ Qxe5 21.
Nxe5 f6 22. Nc6 Nxc6 23. Bxc6 Bb7 24. Rd6 Bxc6 25. Rxc6 Rbd8 26. Rxe6 Rd2 27.
a4 Rc2 28. Ra3 Kf7 29. Rc6 Re8 30. a5 Rexe2 31. axb6 axb6 32. h4 Re6 33. Rc7+
Re7 34. Rc6 Rb7 35. Ra6 Rxc3 36. Ra4 h5 37. Ra6 Rxc4 38. Raxb6 Rxb6 39. Rxb6
Rc1+ 40. Kg2 c4 41. Rc6 c3 42. Kf3 Ke7 43. Ke2 c2 44. Rc4 Ke6 45. Kd3 g5 46.
hxg5 fxg5 47. f4 g4 48. Rc5 Rg1 49. Kxc2 Rxg3 50. Rxh5 Rf3 51. Rg5 Rxf4 52. Kd2
Kf6 53. Rg8 Kf5 54. Ke2 Rf3 55. Rf8+ Ke4 56. Rxf3 gxf3+ 57. Kf2 Kf4 58. Kf1 Ke3
59. Ke1 f2+ 60. Kf1 Kf3 1/2-1/2

[Event "Tournament: Lloyds Bank Masters"]
[Site "London"]
[Date "1992.08.29"]
[Round "?"]
[White "Stebbings, A."]
[Black "Corkett, A."]
[Result "1/2-1/2"]
[WhiteElo "2304"]
[BlackElo "2296"]
[PlyCount "65"]
[EventDate "1992.??.??"]

1. d4 d5 2. c4 c6 3. Nc3 Nf6 4. e3 e6 5. Nf3 Nbd7 6. Qc2 Bd6 7. b3 O-O 8. Be2
Re8 9. O-O e5 10. cxd5 cxd5 11. Nb5 Bb8 12. dxe5 Nxe5 13. Nxe5 Rxe5 14. Bb2 Bf5
15. Qd1 Re8 16. Bf3 Ne4 17. Rc1 a6 18. Nc3 Qd6 19. g3 Nxc3 20. Bxc3 Be4 21. Bg2
Qe6 22. Qd4 f6 23. Rfd1 Ba7 24. Qd2 Rad8 25. Bxe4 Qxe4 26. Bd4 Bb8 27. Qc2 Qf3
28. Rd2 h5 29. Qd1 Qf5 30. Qc2 Qf3 31. Qd1 Qf5 32. Qc2 Qf3 33. Qd1 1/2-1/2

[Event "Tournament: Lloyds Bank Masters"]
[Site "London"]
[Date "1992.08.30"]
[Round "?"]
[White "Stanton, W."]
[Black "Stebbings, A."]
[Result "0-1"]
[WhiteElo "2144"]
[BlackElo "2304"]
[PlyCount "56"]
[EventDate "1992.??.??"]

1. e4 c5 2. Nf3 e6 3. d4 cxd4 4. Nxd4 Nc6 5. Nxc6 bxc6 6. c4 Nf6 7. Bd3 e5 8.
O-O Bc5 9. Nd2 Be7 10. f4 d6 11. Nf3 Qb6+ 12. Kh1 exf4 13. Bxf4 Bg4 14. Qe1 O-O
15. e5 dxe5 16. Nxe5 Be6 17. Qh4 Rfd8 18. Rad1 g6 19. Nf3 Rxd3 20. Rxd3 Bxc4
21. Be3 Qb5 22. a4 Qa6 23. Rd7 Nxd7 24. Qxe7 Bxf1 25. Ng5 Rf8 26. Qxd7 Qe2 27.
Qd2 Bxg2+ 28. Kg1 Qf1# 0-1

[Event "Tournament: Lloyds Bank Masters"]
[Site "London"]
[Date "1992.08.31"]
[Round "?"]
[White "Stebbings, A."]
[Black "Baquero, L."]
[Result "1/2-1/2"]
[WhiteElo "2304"]
[BlackElo "2368"]
[PlyCount "43"]
[EventDate "1992.??.??"]

1. d4 Nf6 2. c4 e6 3. Nc3 d5 4. Bg5 Be7 5. e3 h6 6. Bh4 O-O 7. Rc1 b6 8. cxd5
Nxd5 9. Bxe7 Qxe7 10. Nxd5 exd5 11. Be2 Be6 12. Bf3 c6 13. Ne2 Qb7 14. Qa4 Bd7
15. O-O a5 16. Nf4 Na6 17. Qb3 Rae8 18. Rfe1 Bf5 19. Nd3 Bxd3 20. Qxd3 f5 21.
a3 Re7 22. Qc2 1/2-1/2

[Event "County match"]
[Site "?"]
[Date "1992.09.26"]
[Round "?"]
[White "Rosenberg, D."]
[Black "Stebbings, A."]
[Result "0-1"]
[WhiteElo "2312"]
[BlackElo "2304"]
[PlyCount "56"]
[EventDate "1992.??.??"]

1. d4 Nf6 2. c4 e6 3. Nc3 Bb4 4. e3 c5 5. Nge2 cxd4 6. exd4 O-O 7. a3 Be7 8. d5
exd5 9. cxd5 Re8 10. g3 Bc5 11. Bg2 d6 12. O-O a6 13. Qc2 Nbd7 14. Nf4 Ne5 15.
Ne4 Bf5 16. Nxf6+ Qxf6 17. Qb3 Ng4 18. Nh3 Bd7 19. Bf4 h6 20. Rfe1 g5 21. Be3
Nxe3 22. fxe3 Rxe3 23. Rxe3 Re8 24. Rae1 Qd4 25. Kf2 Qd2+ 26. Kf3 g4+ 27. Kf4
Qd4+ 28. Re4 Qf6# 0-1

[Event "Team match"]
[Site "Manchester"]
[Date "1992.09.27"]
[Round "?"]
[White "Knox, V."]
[Black "Stebbings, A."]
[Result "1/2-1/2"]
[WhiteElo "2216"]
[BlackElo "2304"]
[PlyCount "90"]
[EventDate "1992.??.??"]

1. e4 c5 2. Nf3 e6 3. d4 cxd4 4. Nxd4 Nc6 5. Nc3 Qc7 6. Be2 a6 7. O-O Nf6 8.
Be3 Bb4 9. Nxc6 bxc6 10. Bd3 d5 11. exd5 cxd5 12. f4 O-O 13. Kh1 Bc5 14. Bd2
Bb7 15. Qe1 Qc6 16. Nd1 d4 17. Rf3 Ne4 18. Bb4 f5 19. Nf2 Rf6 20. Nxe4 fxe4 21.
Bxe4 Qxe4 22. Bxc5 Qxe1+ 23. Rxe1 Bxf3 24. gxf3 Rc8 25. Bxd4 Rxf4 26. c3 Kf7
27. Kg2 Rxd4 28. cxd4 Rc2+ 29. Kg3 Rxb2 30. Re5 Rxa2 31. d5 exd5 32. Rxd5 Re2
33. Ra5 Re6 34. h4 Ke7 35. h5 h6 36. f4 Kd7 37. f5 Rb6 38. Kf4 Kc7 39. Ra1 Rf6
40. Ke5 Kb6 41. Rb1+ Ka7 42. Rg1 Rf7 43. Ke6 Rf6+ 44. Ke5 Rf7 45. Ke6 Rf6+
1/2-1/2

[Event "Kent league"]
[Site "?"]
[Date "1992.10.16"]
[Round "?"]
[White "Mack, A."]
[Black "Stebbings, A."]
[Result "0-1"]
[WhiteElo "2088"]
[BlackElo "2304"]
[PlyCount "62"]
[EventDate "1992.??.??"]

1. d4 Nf6 2. Nc3 d5 3. Bg5 Nbd7 4. Nf3 e6 5. e3 c5 6. Bd3 c4 7. Be2 Bb4 8. O-O
Bxc3 9. bxc3 Qa5 10. Nd2 Qxc3 11. Bf3 O-O 12. a4 b6 13. Qc1 Bb7 14. Re1 Rac8
15. h4 Rfe8 16. Bf4 e5 17. dxe5 Nxe5 18. Be2 Bc6 19. Nf1 Bd7 20. Ng3 Ng6 21.
Bd6 Nxh4 22. Ra3 Qa5 23. Qb1 Nf5 24. Bb4 Qa6 25. Nf1 d4 26. g4 Nh4 27. exd4 Qb7
28. Rg3 Ne4 29. Bf3 Nxf3+ 30. Rxf3 Ng5 31. Rfe3 Nf3+ 0-1

[Event "London league"]
[Site "?"]
[Date "1992.10.21"]
[Round "?"]
[White "Shovel, K."]
[Black "Stebbings, A."]
[Result "1/2-1/2"]
[WhiteElo "2264"]
[BlackElo "2304"]
[PlyCount "62"]
[EventDate "1992.??.??"]

1. d4 Nf6 2. c4 e6 3. g3 Bb4+ 4. Nd2 c5 5. Ngf3 cxd4 6. a3 Be7 7. Nxd4 O-O 8.
Bg2 d5 9. O-O b6 10. b4 Bb7 11. Bb2 Nc6 12. Qa4 Qd7 13. Nxc6 Bxc6 14. b5 Bb7
15. Nf3 Rfc8 16. Ne5 Qe8 17. Rac1 a6 18. cxd5 Rxc1 19. Rxc1 axb5 20. Qb3 Bxd5
21. Bxd5 Nxd5 22. e4 Nf6 23. f3 Bc5+ 24. Kg2 Rd8 25. Nd3 Qc6 26. Bxf6 gxf6 27.
Qc3 Kg7 28. Nxc5 bxc5 29. Qxc5 Rd2+ 30. Kh3 Qxc5 31. Rxc5 Rd3 1/2-1/2

[Event "London league"]
[Site "?"]
[Date "1992.10.28"]
[Round "?"]
[White "Stebbings, A."]
[Black "Berry, S."]
[Result "1/2-1/2"]
[WhiteElo "2304"]
[BlackElo "2376"]
[PlyCount "55"]
[EventDate "1992.??.??"]

1. d4 Nf6 2. c4 d6 3. Nc3 Nbd7 4. e4 e5 5. Nf3 Be7 6. Be2 O-O 7. O-O c6 8. Re1
a6 9. h3 b5 10. a3 Bb7 11. Bg5 Re8 12. Bf1 h6 13. Be3 Bf8 14. cxb5 axb5 15. Qc2
Qb8 16. Rad1 Rc8 17. Qb1 Ba6 18. b4 Bb7 19. Qb3 c5 20. dxc5 Nxe4 21. Nxb5 Ndf6
22. cxd6 Bc6 23. Nxe5 Bxb5 24. Qxf7+ Kh8 25. Bxh6 Ra7 26. Ng6+ Kh7 27. d7 Kxh6
28. dxc8=Q {Time} 1/2-1/2

[Event "Kent league"]
[Site "?"]
[Date "1992.11.03"]
[Round "?"]
[White "Tucker, D."]
[Black "Stebbings, A."]
[Result "0-1"]
[WhiteElo "2096"]
[BlackElo "2304"]
[PlyCount "150"]
[EventDate "1992.??.??"]

1. e4 c5 2. Nf3 e6 3. d4 cxd4 4. Nxd4 Nc6 5. Nc3 Qc7 6. Be2 a6 7. f4 Nxd4 8.
Qxd4 b5 9. a3 Bb7 10. Bf3 Be7 11. Be3 Rc8 12. O-O Nf6 13. e5 Bxf3 14. gxf3 Nh5
15. Ne4 O-O 16. Rf2 f6 17. Rd1 fxe5 18. fxe5 Rf5 19. Qxd7 Rxe5 20. Bb6 Qxd7 21.
Rxd7 Kf8 22. Rfd2 Nf6 23. Ra7 Nxe4 24. fxe4 Rxe4 25. c3 Rec4 26. Rdd7 Bf6 27.
Bd4 e5 28. Bb6 R4c6 29. Ba5 Re6 30. Bb4+ Kg8 31. Be7 Bxe7 32. Rxe7 Rxe7 33.
Rxe7 Rc6 34. Rxe5 Kf7 35. Rd5 Ke6 36. Rd8 Rd6 37. Rh8 Rd1+ 38. Kf2 Rd2+ 39. Kg1
Rxb2 40. Ra8 Ra2 41. Rxa6+ Kd5 42. h4 g6 43. Ra7 Kc4 44. Rc7+ Kb3 45. Rc5 Ka4
46. c4 Rc2 47. Rxb5 Rxc4 48. Rb7 Rxh4 49. Ra7+ Kb5 50. Kg2 h5 51. Ra8 Rg4+ 52.
Kh3 Ra4 53. Rb8+ Kc5 54. Rc8+ Kd5 55. Rc3 Ke5 56. Rc5+ Kf6 57. Rc6+ Kg5 58. Rc3
Kh6 59. Rb3 Ra6 60. Rg3 g5 61. Rb3 Kg6 62. Kg3 h4+ 63. Kg2 Ra5 64. Kh2 Kh5 65.
Kh3 g4+ 66. Kg2 Kg5 67. Kf2 Rf5+ 68. Kg2 Rc5 69. a4 Rc2+ 70. Kg1 g3 71. Ra3 Kg4
72. Ra1 h3 73. a5 h2+ 74. Kh1 Kh3 75. a6 g2# 0-1

[Event "London league"]
[Site "?"]
[Date "1992.11.11"]
[Round "?"]
[White "Stebbings, A."]
[Black "Allicock, R."]
[Result "1-0"]
[WhiteElo "2304"]
[BlackElo "2192"]
[PlyCount "65"]
[EventDate "1992.??.??"]

1. d4 f5 2. g3 Nf6 3. Bg2 g6 4. c4 Nc6 5. d5 Ne5 6. b3 Bg7 7. Bb2 Ne4 8. Qc2 c6
9. Nf3 Qa5+ 10. Nfd2 Nxf2 11. Kxf2 Ng4+ 12. Ke1 Qc5 13. Ne4 fxe4 14. Bxg7 Qf2+
15. Kd2 e3+ 16. Kc3 Qxg2 17. Na3 Rg8 18. Bd4 d6 19. Rhg1 Qh3 20. dxc6 bxc6 21.
Qe4 Bb7 22. Bxe3 d5 23. Qe6 Rf8 24. Bc5 Rf7 25. cxd5 Qh5 26. Nc4 Rd8 27. Nd6+
Rxd6 28. Bxd6 cxd5 29. Rgf1 d4+ 30. Kb2 Rg7 31. Rac1 Qa5 32. Rc8+ Bxc8 33.
Qxc8+ 1-0

[Event "National Club ch."]
[Site "?"]
[Date "1992.11.22"]
[Round "?"]
[White "Stebbings, A."]
[Black "Horrocks, J."]
[Result "1-0"]
[WhiteElo "2304"]
[BlackElo "1840"]
[PlyCount "29"]
[EventDate "1992.??.??"]

1. d4 Nf6 2. c4 c5 3. Nf3 e6 4. Nc3 cxd4 5. Nxd4 Bb4 6. g3 O-O 7. Bg2 d5 8. O-O
dxc4 9. Qa4 Bxc3 10. bxc3 e5 11. Nb5 Nc6 12. Ba3 Be6 13. Bxf8 Qxf8 14. Bxc6
bxc6 15. Nc7 1-0

[Event "London league"]
[Site "?"]
[Date "1992.11.25"]
[Round "?"]
[White "Stebbings, A."]
[Black "Franklin, M."]
[Result "1-0"]
[WhiteElo "2304"]
[BlackElo "2192"]
[PlyCount "59"]
[EventDate "1992.??.??"]

1. d4 Nf6 2. c4 e6 3. Nc3 Bb4 4. e3 Nc6 5. Nge2 d6 6. a3 Bxc3+ 7. Nxc3 e5 8.
Be2 O-O 9. O-O a5 10. f4 exd4 11. exd4 d5 12. c5 Ne7 13. g4 Ne4 14. f5 Kh8 15.
Qd3 Nxc3 16. Qxc3 f6 17. Bf4 g6 18. fxg6 Nxg6 19. Qg3 Rf7 20. Bd3 Qd7 21. Rae1
Qa4 22. Bxg6 hxg6 23. Be5 Ra6 24. Rxf6 Raxf6 25. Qh4+ Kg8 26. Bxf6 Rh7 27. Qg5
Qc2 28. Qxd5+ Be6 29. Qd8+ Kf7 30. Qe7+ 1-0

[Event "Kent league"]
[Site "?"]
[Date "1992.12.02"]
[Round "?"]
[White "Bennett, J."]
[Black "Stebbings, A."]
[Result "0-1"]
[WhiteElo "2112"]
[BlackElo "2304"]
[PlyCount "71"]
[EventDate "1992.??.??"]

1. d4 Nf6 2. c4 e6 3. Nf3 Bb4+ 4. Nbd2 b6 5. a3 Bxd2+ 6. Bxd2 Bb7 7. Bg5 d6 8.
e3 Nbd7 9. Qc2 h6 10. Bh4 Qe7 11. Nd2 g5 12. Bg3 Nh5 13. f3 Nxg3 14. hxg3 c5
15. dxc5 dxc5 16. O-O-O O-O-O 17. Ne4 Nf6 18. Bd3 Rd7 19. Nxf6 Qxf6 20. Be4
Rhd8 21. Bxb7+ Kxb7 22. Qe4+ Kb8 23. Rxd7 Rxd7 24. Qc6 Rd3 25. Qe4 Rb3 26. Qc2
Rxe3 27. Qd2 Qd4 28. Qxd4 cxd4 29. Kd2 Rb3 30. Kc2 Re3 31. Kd2 Kc7 32. Rxh6 Kd6
33. Rh8 Rb3 34. Kc2 Re3 35. Kd2 g4 36. Rd8+ 0-1

[Event "London league"]
[Site "?"]
[Date "1992.12.09"]
[Round "?"]
[White "Stebbings, A."]
[Black "Dubey, M."]
[Result "1-0"]
[WhiteElo "2304"]
[BlackElo "2112"]
[PlyCount "62"]
[EventDate "1992.??.??"]

1. d4 Nf6 2. c4 e6 3. Nc3 Bb4 4. e3 c5 5. Nge2 Nc6 6. a3 Bxc3+ 7. Nxc3 d6 8. d5
Ne7 9. Be2 e5 10. O-O h6 11. Bd3 Bd7 12. Qc2 Nh5 13. f4 exf4 14. exf4 O-O 15.
f5 Nf6 16. Qe2 b5 17. cxb5 Rc8 18. Qf3 c4 19. Bc2 Bxb5 20. Be3 a6 21. Bd4 Nexd5
22. Nxd5 Nxd5 23. Qxd5 Bc6 24. Qxc4 Bxg2 25. Qe2 Bxf1 26. Rxf1 Re8 27. Qg2 Qg5
28. Qxg5 hxg5 29. Bd3 Rc6 30. b4 Rec8 31. Kf2 f6 1-0